Juice Wrld - Used To Lyrics - Statistics

General Stats
  • This quiz has been taken 108 times
    99 since last reset
  • The average score is 98 of 134
Answer Stats
Answer % Correct
I
99%
to
97%
used
97%
a
96%
you
96%
as
94%
bad
93%
It
93%
it
93%
girl
91%
hurt
91%
don’t
90%
just
88%
admit
87%
Yeah
85%
yeah
85%
no
82%
the
82%
that
79%
go
78%
I’m
78%
in
78%
my
76%
me
75%
It’s
74%
last
74%
snow
72%
for
71%
Frozen
71%
left
71%
like
69%
cold
68%
let
66%
already
65%
and
65%
She
65%
been
63%
Oh
63%
oh
63%
abuse
62%
drinkin’
62%
hard
62%
what
62%
drivin’
60%
never
60%
not
59%
turn
59%
your
59%
best
56%
die
56%
gon’
56%
dress
54%
survivin’
54%
Wear
54%
again
53%
alive
53%
car
53%
up
53%
break
51%
Freestyle
51%
heart
51%
bury
50%
have
50%
sorrow
50%
‘cause
49%
friends
49%
goddamn
49%
lied
49%
Bet
47%
day
47%
knows
47%
regret
46%
Crashed
44%
end
43%
‘til
40%
I’d
38%
that’s
38%
loner
37%
Taking
15%
No matching quizzes found
Score Distribution
Percent of People with Each Score
Percentile by Number Answered
Your Score History
You have not taken this quiz since the last reset